Queueing systems
Αποθηκεύτηκε σε:
| Κύριος συγγραφέας: | |
|---|---|
| Μορφή: | Βιβλίο |
| Γλώσσα: | English |
| Δημοσίευση: |
New York :
Wiley,
[1975-1976]
|
| Θέματα: | |
| Ετικέτες: |
Προσθήκη ετικέτας
Δεν υπάρχουν, Καταχωρήστε ετικέτα πρώτοι!
|
MARC
| LEADER | 00000nam a2200000 i 4500 | ||
|---|---|---|---|
| 001 | 1/34918 | ||
| 008 | 941103m19751976 eng d | ||
| 020 | |a 0-471-49110-1 (τ.1) | ||
| 020 | |a 0-471-49111-X (τ.2) | ||
| 035 | |l 10039786 | ||
| 040 | |a GR-MY-UA |b gre |e aacr | ||
| 041 | 0 | |a eng | |
| 082 | 0 | |a 519.82 | |
| 100 | 1 | |a Kleinrock, Leonard. | |
| 245 | 1 | 0 | |a Queueing systems / |c Leonard Kleinrock |
| 260 | |a New York : |b Wiley, |c [1975-1976] | ||
| 300 | |a 2 τ.; |b illus; |c 24 cm | ||
| 500 | |a "A Wiley-Interscience publication." | ||
| 505 | 0 | |a τ.1:Τheory - τ.2:Computer applications | |
| 650 | 0 | 0 | |a Queuing theory. |
| 740 | 0 | 2 | |a Theory |
| 740 | 0 | 2 | |a Computer applications |
| 852 | |a INST |b CHIOS |e 20050303 |h 519.82 KLE |p 005200021819 |q 005200021819 |t BK |y 0 |z τ.1 | ||
| 852 | |a INST |b CHIOS |e 20050303 |h 519.82 KLE |p 005200021820 |q 005200021820 |t BK |y 0 |z τ.1 | ||
| 852 | |a INST |b CHIOS |e 20050322 |h 519.82 KLE |p 005200021890 |q 005200021890 |t BK |y 0 |z τ.1 | ||
| 852 | |a INST |b CHIOS |e 20050311 |h 519.82 KLE |p 005200021896 |q 005200021896 |t BK |y 0 |z τ.2 | ||
| 852 | |a INST |b CHIOS |e 20050303 |h 519.82 KLE |p 005200021819 |q 005200021819 |t BK |v τ.1: |y 0 |z τ.1 | ||
| 852 | |a INST |b CHIOS |e 20050303 |h 519.82 KLE |p 005200021820 |q 005200021820 |t BK |v τ.1: |y 0 |z τ.1 | ||
| 852 | |a INST |b CHIOS |e 20050322 |h 519.82 KLE |p 005200021890 |q 005200021890 |t BK |v τ.1: |y 0 |z τ.1 | ||
| 852 | |a INST |b CHIOS |e 20050311 |h 519.82 KLE |p 005200021896 |q 005200021896 |t BK |v τ.2: |y 0 |z τ.2 | ||
| 852 | |a INST |b SAMOS |e 19970121 |h 519.82 KLE |p 005300001155 |q 005300001155 |t BK |y 0 |z v.1 | ||
| 852 | |a INST |b SAMOS |e 19941103 |h 519.82 KLE |p 005300001156 |q 005300001156 |t BK |y 0 |z v.2 | ||
| 852 | |a INST |b SAMOS |e 19970121 |h 519.82 KLE |p 005300001155 |q 005300001155 |t BK |v v.1: |y 0 |z v.1 | ||
| 852 | |a INST |b SAMOS |e 19941103 |h 519.82 KLE |p 005300001156 |q 005300001156 |t BK |v v.2: |y 0 |z v.2 | ||
| 853 | |a INST |b CHIOS |h 519.82 KLE | ||
| 853 | |a INST |b SAMOS |h 519.82 KLE | ||
| 901 | |a BIBL2-2005-1 | ||
| 909 | |a Σ |b 017155 | ||
| 909 | |a Σ |b 017156 | ||
| 909 | |a Χ |b 113048 | ||
| 909 | |a Χ |b 113049 | ||
| 909 | |a Χ |b 113006 | ||
| 909 | |a Χ |b 113011 | ||
| 920 | |a ΔΙΕΥΡΥΝΣΗ |b ΕΠΕΑΕΚ-ΤΜΟΔ |y ΧΙΟΣ |z 2004-12 | ||